<?xml version="1.0" encoding="UTF-8"?>
<record
    xmlns:xsi="http://www.w3.org/2001/XMLSchema-instance"
    xsi:schemaLocation="http://www.loc.gov/MARC21/slim http://www.loc.gov/standards/marcxml/schema/MARC21slim.xsd"
    xmlns="http://www.loc.gov/MARC21/slim">

  <leader>01340nam a22002057a 4500</leader>
  <controlfield tag="005">20220829101445.0</controlfield>
  <controlfield tag="008">220817b           ||||| |||| 00| 0 eng d</controlfield>
  <datafield tag="020" ind1=" " ind2=" ">
    <subfield code="a">9781107602175</subfield>
  </datafield>
  <datafield tag="040" ind1=" " ind2=" ">
    <subfield code="c">AL</subfield>
  </datafield>
  <datafield tag="041" ind1=" " ind2=" ">
    <subfield code="a">eng</subfield>
  </datafield>
  <datafield tag="082" ind1=" " ind2=" ">
    <subfield code="2">23</subfield>
    <subfield code="a">530</subfield>
    <subfield code="b">GRIR</subfield>
  </datafield>
  <datafield tag="100" ind1=" " ind2=" ">
    <subfield code="a">David J Griffiths </subfield>
    <subfield code="9">54882</subfield>
  </datafield>
  <datafield tag="245" ind1=" " ind2=" ">
    <subfield code="a">Revolutions in Twentieth Century Physics</subfield>
  </datafield>
  <datafield tag="260" ind1=" " ind2=" ">
    <subfield code="a">New York</subfield>
    <subfield code="b">Cambridge University Press</subfield>
    <subfield code="c">2015</subfield>
  </datafield>
  <datafield tag="300" ind1=" " ind2=" ">
    <subfield code="a">x,173p.</subfield>
    <subfield code="b">PB</subfield>
  </datafield>
  <datafield tag="365" ind1=" " ind2=" ">
    <subfield code="2">General</subfield>
    <subfield code="a">3357</subfield>
    <subfield code="b">&#x20B9;2170.00</subfield>
    <subfield code="c">&#x20B9;</subfield>
    <subfield code="d">&#x20B9;2712.50</subfield>
    <subfield code="e">20%</subfield>
    <subfield code="f">03/08/2022</subfield>
  </datafield>
  <datafield tag="520" ind1=" " ind2=" ">
    <subfield code="a">The conceptual changes brought by modern physics are important, radical and fascinating, yet they are only vaguely understood by people working outside the field. Exploring the four pillars of modern physics &#x2013; relativity, quantum mechanics, elementary particles and cosmology &#x2013; this clear and lively account will interest anyone who has wondered what Einstein, Bohr, Schr&#xF6;dinger and Heisenberg were really talking about. The book discusses quarks and leptons, antiparticles and Feynman diagrams, curved space-time, the Big Bang and the expanding Universe. Suitable for undergraduate students in non-science as well as science subjects, it uses problems and worked examples to help readers develop an understanding of what recent advances in physics actually mean.</subfield>
  </datafield>
  <datafield tag="650" ind1=" " ind2=" ">
    <subfield code="a">Physics</subfield>
    <subfield code="9">54883</subfield>
  </datafield>
  <datafield tag="942" ind1=" " ind2=" ">
    <subfield code="2">ddc</subfield>
    <subfield code="c">BK</subfield>
  </datafield>
  <datafield tag="999" ind1=" " ind2=" ">
    <subfield code="c">224444</subfield>
    <subfield code="d">224444</subfield>
  </datafield>
  <datafield tag="952" ind1=" " ind2=" ">
    <subfield code="0">0</subfield>
    <subfield code="1">0</subfield>
    <subfield code="2">ddc</subfield>
    <subfield code="4">0</subfield>
    <subfield code="7">0</subfield>
    <subfield code="8">PHY</subfield>
    <subfield code="a">SACPG</subfield>
    <subfield code="b">SACPG</subfield>
    <subfield code="d">2022-08-05</subfield>
    <subfield code="e">Biblios Book Point</subfield>
    <subfield code="g">2170.00</subfield>
    <subfield code="l">2</subfield>
    <subfield code="o">530 GRIR</subfield>
    <subfield code="p">PG023979</subfield>
    <subfield code="r">2023-03-14 00:00:00</subfield>
    <subfield code="s">2023-03-04</subfield>
    <subfield code="v">2712.50</subfield>
    <subfield code="w">2022-03-08</subfield>
    <subfield code="y">BK</subfield>
  </datafield>
</record>
